| 000 | 00438cam a22001451 4500 | ||
|---|---|---|---|
| 082 |
_a954.9045 _bGHZ _cL-28, P-63 |
||
| 100 | 1 |
_aGhaznawi, Khalid. _946443 |
|
| 245 | 1 | 0 | _aStory of Indian aggressions against Pakistan. |
| 250 | _a[1st ed.] | ||
| 260 |
_aLahore, _bNational Book House _c[1966] |
||
| 300 |
_a328 p. _billus., ports. (part col.) _c21 cm. |
||
| 526 |
_a0 _b0 _c0 _d954_904500000000000_GHZ |
||
| 650 |
_aMCE _9379 |
||
| 942 |
_2ddc _cBK |
||
| 999 |
_c549781 _d549781 |
||